| 000 | 01424cab a2200205 4500 | ||
|---|---|---|---|
| 001 | ##L134483 | ||
| 008 | 060809n2006 000 0 eng u | ||
| 035 | _a(Sirsi) u134483 | ||
| 041 | 0 | _aeng | |
| 110 | 2 |
_aGensler _95004 |
|
| 245 | 0 | 0 | _aUK's Faulty Towers are a ticking investment timebomb |
| 260 | _c2006 | ||
| 520 | _aHighlights new research by Gensler that investigated the impact of Britain's high level of environmentally unfriendly commercial buildings on the UK's investment portfolios. The report, "Faulty Towers: is the British office sustainable?", found that 75% of property developers believe impending legislation to grade energy efficiency (in response to EU energy performance of buildings directive) will have a negative impact on the value and transferability of inefficient buildings when certification is required from 2007. Stresses the need for property developers and the construction industry to take notice of the demand among businesses for more energy-efficient, greener buildings. | ||
| 590 | _aIKA220806 | ||
| 650 | 2 | 4 | _aDIRECTIVE 2002/91/EC |
| 651 | 4 |
_aUnited Kingdom _y |
|
| 690 | _aENVIRONMENTAL AND LAND CONSULTANCY-ENERGY-ENERGY USE-ENERGY USE ASSESSMENT-ENERGY USE AUDITING-ENERGY USE RATING | ||
| 856 | 4 | 0 |
_uhttps://www.gensler.com/research-insight/gensler-research-institute/faulty-towers?q=faulty towers _zView the press release free of charge at www.gensler.com... |
| 942 | _n0 | ||
| 999 |
_c77538 _d77538 |
||